<?xml version="1.0" encoding="UTF-8"?>
<record
    xmlns:xsi="http://www.w3.org/2001/XMLSchema-instance"
    xsi:schemaLocation="http://www.loc.gov/MARC21/slim http://www.loc.gov/standards/marcxml/schema/MARC21slim.xsd"
    xmlns="http://www.loc.gov/MARC21/slim">

  <leader>01719cam a2200385 a 4500</leader>
  <controlfield tag="001">15134372</controlfield>
  <controlfield tag="003">OSt</controlfield>
  <controlfield tag="005">20150408114017.0</controlfield>
  <controlfield tag="008">080110s2008    nyua     b    001 0 eng  </controlfield>
  <datafield tag="010" ind1=" " ind2=" ">
    <subfield code="a">  2008001257</subfield>
  </datafield>
  <datafield tag="020" ind1=" " ind2=" ">
    <subfield code="a">9780521865715 (hardback)</subfield>
  </datafield>
  <datafield tag="020" ind1=" " ind2=" ">
    <subfield code="a">0521865719 (hardback)</subfield>
  </datafield>
  <datafield tag="035" ind1=" " ind2=" ">
    <subfield code="a">(OCoLC)ocn190786122</subfield>
  </datafield>
  <datafield tag="035" ind1=" " ind2=" ">
    <subfield code="a">(OCoLC)190786122</subfield>
    <subfield code="z">(OCoLC)171110570</subfield>
  </datafield>
  <datafield tag="040" ind1=" " ind2=" ">
    <subfield code="a">DLC</subfield>
    <subfield code="c">DLC</subfield>
    <subfield code="d">YDX</subfield>
    <subfield code="d">BAKER</subfield>
    <subfield code="d">YDXCP</subfield>
    <subfield code="d">BTCTA</subfield>
    <subfield code="d">OCL</subfield>
    <subfield code="d">BWX</subfield>
    <subfield code="d">DLC</subfield>
  </datafield>
  <datafield tag="050" ind1="0" ind2="0">
    <subfield code="a">QA76.9.T48</subfield>
    <subfield code="b">M26 2008</subfield>
  </datafield>
  <datafield tag="082" ind1="0" ind2="0">
    <subfield code="a">025.04</subfield>
    <subfield code="2">22</subfield>
  </datafield>
  <datafield tag="100" ind1="1" ind2=" ">
    <subfield code="a">Manning, Christopher D.</subfield>
    <subfield code="9">13233</subfield>
  </datafield>
  <datafield tag="245" ind1="1" ind2="0">
    <subfield code="a">Introduction to information retrieval /</subfield>
    <subfield code="c">Christopher D. Manning, Prabhakar Raghavan, Hinrich Sch&#xFC;tze.</subfield>
  </datafield>
  <datafield tag="260" ind1=" " ind2=" ">
    <subfield code="a">New York :</subfield>
    <subfield code="b">Cambridge University Press,</subfield>
    <subfield code="c">2008.</subfield>
  </datafield>
  <datafield tag="300" ind1=" " ind2=" ">
    <subfield code="a">xxi, 482 p. :</subfield>
    <subfield code="b">ill. ;</subfield>
    <subfield code="c">27 cm.</subfield>
  </datafield>
  <datafield tag="504" ind1=" " ind2=" ">
    <subfield code="a">Includes bibliographical references (p. 441-468) and index.</subfield>
  </datafield>
  <datafield tag="650" ind1=" " ind2="0">
    <subfield code="a">Text processing (Computer science)</subfield>
    <subfield code="9">13234</subfield>
  </datafield>
  <datafield tag="650" ind1=" " ind2="0">
    <subfield code="a">Information retrieval.</subfield>
    <subfield code="9">10437</subfield>
  </datafield>
  <datafield tag="650" ind1=" " ind2="0">
    <subfield code="a">Document clustering.</subfield>
    <subfield code="9">13235</subfield>
  </datafield>
  <datafield tag="650" ind1=" " ind2="0">
    <subfield code="a">Semantic Web.</subfield>
    <subfield code="9">3673</subfield>
  </datafield>
  <datafield tag="700" ind1="1" ind2=" ">
    <subfield code="a">Raghavan, Prabhakar.</subfield>
    <subfield code="9">13236</subfield>
  </datafield>
  <datafield tag="700" ind1="1" ind2=" ">
    <subfield code="a">Sch&#xFC;tze, Hinrich.</subfield>
    <subfield code="9">13237</subfield>
  </datafield>
  <datafield tag="856" ind1="4" ind2="2">
    <subfield code="3">Contributor biographical information</subfield>
    <subfield code="u">http://www.loc.gov/catdir/enhancements/fy0810/2008001257-b.html</subfield>
  </datafield>
  <datafield tag="856" ind1="4" ind2="2">
    <subfield code="3">Publisher description</subfield>
    <subfield code="u">http://www.loc.gov/catdir/enhancements/fy0810/2008001257-d.html</subfield>
  </datafield>
  <datafield tag="856" ind1="4" ind2="1">
    <subfield code="3">Table of contents only</subfield>
    <subfield code="u">http://www.loc.gov/catdir/enhancements/fy0810/2008001257-t.html</subfield>
  </datafield>
  <datafield tag="856" ind1="4" ind2="2">
    <subfield code="3">Companion web site</subfield>
    <subfield code="u">http://www-csli.stanford.edu/~hinrich/information-retrieval-book.html</subfield>
  </datafield>
  <datafield tag="942" ind1=" " ind2=" ">
    <subfield code="2">ddc</subfield>
    <subfield code="c">BOOK</subfield>
  </datafield>
  <datafield tag="999" ind1=" " ind2=" ">
    <subfield code="c">21688</subfield>
    <subfield code="d">256188</subfield>
  </datafield>
  <datafield tag="952" ind1=" " ind2=" ">
    <subfield code="1">0</subfield>
    <subfield code="2">2013-03-10</subfield>
    <subfield code="4">0</subfield>
    <subfield code="7">0</subfield>
    <subfield code="a">025.04 M C I</subfield>
    <subfield code="d">2012-05-10</subfield>
    <subfield code="h">CL</subfield>
    <subfield code="i">00086149</subfield>
    <subfield code="m">CL</subfield>
    <subfield code="r">2013-03-10 00:00:00</subfield>
    <subfield code="t">BOOK</subfield>
    <subfield code="w">ddc</subfield>
    <subfield code="y">0</subfield>
  </datafield>
  <datafield tag="952" ind1=" " ind2=" ">
    <subfield code="1">0</subfield>
    <subfield code="2">2013-03-10</subfield>
    <subfield code="4">0</subfield>
    <subfield code="7">0</subfield>
    <subfield code="a">025.04 M C I</subfield>
    <subfield code="d">2012-05-10</subfield>
    <subfield code="h">CL</subfield>
    <subfield code="i">00086150</subfield>
    <subfield code="m">CL</subfield>
    <subfield code="q">2014-10-20</subfield>
    <subfield code="r">2014-12-14 00:00:00</subfield>
    <subfield code="t">BOOK</subfield>
    <subfield code="w">ddc</subfield>
    <subfield code="y">1</subfield>
  </datafield>
  <datafield tag="952" ind1=" " ind2=" ">
    <subfield code="1">0</subfield>
    <subfield code="2">2013-03-10</subfield>
    <subfield code="4">0</subfield>
    <subfield code="7">0</subfield>
    <subfield code="a">025.04 M C I</subfield>
    <subfield code="d">2012-05-20</subfield>
    <subfield code="h">EMF</subfield>
    <subfield code="i">00087741</subfield>
    <subfield code="m">EMF</subfield>
    <subfield code="r">2013-03-10 00:00:00</subfield>
    <subfield code="t">BOOK</subfield>
    <subfield code="w">ddc</subfield>
    <subfield code="y">0</subfield>
  </datafield>
  <datafield tag="952" ind1=" " ind2=" ">
    <subfield code="1">0</subfield>
    <subfield code="2">2013-03-10</subfield>
    <subfield code="4">0</subfield>
    <subfield code="7">0</subfield>
    <subfield code="a">025.04 M C I</subfield>
    <subfield code="d">2012-05-20</subfield>
    <subfield code="h">EMF</subfield>
    <subfield code="i">00087742</subfield>
    <subfield code="m">EMF</subfield>
    <subfield code="r">2013-03-10 00:00:00</subfield>
    <subfield code="t">BOOK</subfield>
    <subfield code="w">ddc</subfield>
    <subfield code="y">0</subfield>
  </datafield>
  <datafield tag="952" ind1=" " ind2=" ">
    <subfield code="1">0</subfield>
    <subfield code="2">2013-03-10</subfield>
    <subfield code="4">0</subfield>
    <subfield code="7">0</subfield>
    <subfield code="a">025.04 M C I</subfield>
    <subfield code="d">2012-05-31</subfield>
    <subfield code="h">IC</subfield>
    <subfield code="i">00087208</subfield>
    <subfield code="m">IC</subfield>
    <subfield code="r">2013-03-10 00:00:00</subfield>
    <subfield code="t">BOOK</subfield>
    <subfield code="w">ddc</subfield>
    <subfield code="y">0</subfield>
  </datafield>
  <datafield tag="952" ind1=" " ind2=" ">
    <subfield code="1">0</subfield>
    <subfield code="2">2013-03-10</subfield>
    <subfield code="4">0</subfield>
    <subfield code="7">0</subfield>
    <subfield code="a">025.04 M C I</subfield>
    <subfield code="d">2012-05-31</subfield>
    <subfield code="h">IC</subfield>
    <subfield code="i">00087209</subfield>
    <subfield code="m">IC</subfield>
    <subfield code="r">2013-03-10 00:00:00</subfield>
    <subfield code="t">BOOK</subfield>
    <subfield code="w">ddc</subfield>
    <subfield code="y">0</subfield>
  </datafield>
  <datafield tag="952" ind1=" " ind2=" ">
    <subfield code="1">0</subfield>
    <subfield code="2">2013-03-10</subfield>
    <subfield code="4">0</subfield>
    <subfield code="7">0</subfield>
    <subfield code="a">025.04 M C I</subfield>
    <subfield code="d">2012-05-31</subfield>
    <subfield code="h">IC</subfield>
    <subfield code="i">00087210</subfield>
    <subfield code="m">IC</subfield>
    <subfield code="r">2013-03-10 00:00:00</subfield>
    <subfield code="t">BOOK</subfield>
    <subfield code="w">ddc</subfield>
    <subfield code="y">0</subfield>
  </datafield>
  <datafield tag="952" ind1=" " ind2=" ">
    <subfield code="1">0</subfield>
    <subfield code="2">2013-03-10</subfield>
    <subfield code="4">0</subfield>
    <subfield code="7">0</subfield>
    <subfield code="a">025.04 M C I</subfield>
    <subfield code="d">2012-06-01</subfield>
    <subfield code="h">SZM</subfield>
    <subfield code="i">00086355</subfield>
    <subfield code="m">SZM</subfield>
    <subfield code="r">2013-03-10 00:00:00</subfield>
    <subfield code="t">BOOK</subfield>
    <subfield code="w">ddc</subfield>
    <subfield code="y">0</subfield>
  </datafield>
  <datafield tag="952" ind1=" " ind2=" ">
    <subfield code="1">0</subfield>
    <subfield code="2">2013-03-10</subfield>
    <subfield code="4">0</subfield>
    <subfield code="7">0</subfield>
    <subfield code="a">025.04 M C I</subfield>
    <subfield code="d">2012-06-01</subfield>
    <subfield code="h">SZM</subfield>
    <subfield code="i">00086356</subfield>
    <subfield code="m">SZM</subfield>
    <subfield code="r">2013-03-10 00:00:00</subfield>
    <subfield code="t">BOOK</subfield>
    <subfield code="w">ddc</subfield>
    <subfield code="y">0</subfield>
  </datafield>
  <datafield tag="952" ind1=" " ind2=" ">
    <subfield code="1">0</subfield>
    <subfield code="2">2013-03-10</subfield>
    <subfield code="4">0</subfield>
    <subfield code="7">0</subfield>
    <subfield code="a">025.04 M C I</subfield>
    <subfield code="d">2012-06-02</subfield>
    <subfield code="h">EZF</subfield>
    <subfield code="i">00087512</subfield>
    <subfield code="m">EZF</subfield>
    <subfield code="r">2013-03-10 00:00:00</subfield>
    <subfield code="t">BOOK</subfield>
    <subfield code="w">ddc</subfield>
    <subfield code="y">0</subfield>
  </datafield>
  <datafield tag="952" ind1=" " ind2=" ">
    <subfield code="1">0</subfield>
    <subfield code="2">2013-03-10</subfield>
    <subfield code="4">0</subfield>
    <subfield code="7">0</subfield>
    <subfield code="a">025.04 M C I</subfield>
    <subfield code="d">2012-06-02</subfield>
    <subfield code="h">EZF</subfield>
    <subfield code="i">00087513</subfield>
    <subfield code="m">EZF</subfield>
    <subfield code="r">2013-03-10 00:00:00</subfield>
    <subfield code="t">BOOK</subfield>
    <subfield code="w">ddc</subfield>
    <subfield code="y">0</subfield>
  </datafield>
</record>
